Library Banner

Electronic devices and circuit theory / (Record no. 44044)

MARC details
000 -LEADER
fixed length control field 00681nam a2200241Ia 4500
001 - CONTROL NUMBER
control field 46091
005 - DATE AND TIME OF LATEST TRANSACTION
control field 20230221092835.0
008 - FIXED-LENGTH DATA ELEMENTS--GENERAL INFORMATION
fixed length control field 140429s9999 xx 000 0 und d
020 ## - INTERNATIONAL STANDARD BOOK NUMBER
International Standard Book Number 9789673498246
040 ## - CATALOGING SOURCE
Transcribing agency PK-LaUMT
082 ## - DEWEY DECIMAL CLASSIFICATION NUMBER
Classification number 621.3815
Item number BOY-E
100 ## - MAIN ENTRY--PERSONAL NAME
Personal name Boylestad, Robert L.
245 ## - TITLE STATEMENT
Title Electronic devices and circuit theory /
Statement of responsibility, etc by Rober4t L. Boylestd and Louis Nashelsky
250 ## - EDITION STATEMENT
Edition statement 11th ed.
260 ## - PUBLICATION, DISTRIBUTION, ETC. (IMPRINT)
Place of publication, distribution, etc Kuala Lumpur, Malaysia :
Name of publisher, distributor, etc Pearson,
Date of publication, distribution, etc 2020
300 ## - PHYSICAL DESCRIPTION
Extent 932 p.
546 ## - LANGUAGE NOTE
Language note EN
650 ## - SUBJECT ADDED ENTRY--TOPICAL TERM
Topical term or geographic name as entry element Electronic circuits
650 ## - SUBJECT ADDED ENTRY--TOPICAL TERM
Topical term or geographic name as entry element Electronic circuits
650 ## - SUBJECT ADDED ENTRY--TOPICAL TERM
Topical term or geographic name as entry element Electronic apparatus and applications
700 ## - ADDED ENTRY--PERSONAL NAME
Personal name Nashelsky, Louis
942 ## - ADDED ENTRY ELEMENTS (KOHA)
Koha item type Books
Holdings
Withdrawn status Lost status Damaged status Home library Current library Date acquired Full call number Barcode Date last seen Price effective from Koha item type
      UMT Main Campus UMT Main Campus 2014-04-29 621.3815 BOY-E 55163 2026-05-07 2014-05-06 Books